| 000 | 00000nam##2200000za#4500 |
| 001 | 9.567596 |
| 003 | CaOODSP |
| 005 | 20210624180843 |
| 007 | cr ||||||||||| |
| 008 | 150406|1998||||xxc|||||o f|0| 0 eng|d |
| 040 | |aCaOODSP|beng |
| 043 | |an-cn--- |
| 086 | 1 |aA22-178/1998E-PDF |
| 110 | 1 |aCanada.|bAgriculture and Agri-Food Canada. |bPolicy Branch. |
| 245 | 10|aTrade facilitation measures in processed food trade / |h[electronic resource]|c[Issued by the ] Economic and Policy Analysis Directorate. |
| 260 | |aOttawa - Ontario : |bAgriculture and Agri-Food Canada. |c1998. |
| 300 | |a43p.|btables |
| 490 | 1 |aTrade research series |
| 500 | |aThe catalogue number (A22-178/1998E) and ISBN (0-662-27101-7) for the print edition have been incorrectly copied in this electronic publication. |
| 504 | |aBibliography. |
| 590 | |a10-07-Supp|b2010-09-08 |
| 775 | 08|tMesures de facilitation du commerce extérieur s'appliquant aux aliments transformés / |w(CaOODSP)9.598927 |
| 830 | #0|aTrade research series.|w(CaOODSP)9.504410 |
| 856 | 40|ahttp://publications.gc.ca|qPDF|s372 KB|uhttps://publications.gc.ca/collections/Collection/A22-178-1998E.pdf |